| 000 | 00777nam a2200193 a 4500 | ||
|---|---|---|---|
| 001 | 000368761 | ||
| 003 | AM-YeHGA | ||
| 005 | 20250618072252.0 | ||
| 008 | 041012s1899 ai 000 | arm d | ||
| 040 | _aAM-YeHGA | ||
| 041 | 1 | _aarm | |
| 245 | 0 | 0 |
_aՋեսսիկայի առաջին աղօթքը : _bՄանկական զրոյց / _cԹարգմ.՝ Պ. Պռօշեանց. |
| 260 |
_aԹիֆլիս : _bտպ. Մ. Մարտիրոսեանցի, _c1899. |
||
| 300 |
_a80 էջ ; _c18 սմ. |
||
| 440 | 0 |
_aԹիֆլիսի հայոց հրատարակչական ընկերություն _vN 153 |
|
| 650 | 1 | 4 |
_aՀամաշխարհային մանկական գրականություն _xՊատմվածք |
| 700 | 1 |
_aՊռոշյան, Պերճ, _d1837-1907 _eթարգմ. _4trl _91588 |
|
| 090 | _c142366 | ||
| 999 |
_c140986 _d140986 |
||